[Event "FICGS W-ch st1 g04 email"]
[Site "FICGS email"]
[Date "2014.03.03"]
[Round "1"]
[White "Hardfeldt, Pan"]
[Black "Haack, Stefan"]
[Result "1-0"]
[WhiteElo "2032"]
[BlackElo "1572"]
[PlyCount "29"]
[EventDate "2014.??.??"]
[EventType "tourn (corr)"]
[EventRounds "8"]
[SourceTitle "Corr 2022"]
[Source "ChessBase"]
[SourceDate "2021.10.24"]
[SourceVersion "1"]
[SourceVersionDate "2021.10.24"]
[SourceQuality "1"]

1. d4 Nf6 2. Nf3 d5 3. c4 c6 4. e3 a6 5. Bd3 Bg4 6. Nbd2 e6 7. Qc2 Nbd7 8. b3 Bd6 9. 0-0 0-0 10. Bb2 Rc8 11. Ne5 Bh5 12. c5 Bb8 13. h3 Bg6 14. Nxg6 fxg6 15. f4 1-0

[Event "FICGS W-ch st1 g04 email"]
[Site "FICGS email"]
[Date "2014.03.03"]
[Round "1"]
[White "Hardfeldt, Pan"]
[Black "Ortiz, Clodomiro"]
[Result "1/2-1/2"]
[WhiteElo "2032"]
[BlackElo "2000"]
[PlyCount "66"]
[EventDate "2014.??.??"]
[EventType "tourn (corr)"]
[EventRounds "8"]
[SourceTitle "Corr 2022"]
[Source "ChessBase"]
[SourceDate "2021.10.24"]
[SourceVersion "1"]
[SourceVersionDate "2021.10.24"]
[SourceQuality "1"]

1. d4 Nf6 2. Nf3 e6 3. c4 d5 4. Nc3 dxc4 5. e4 Bb4 6. Bg5 c5 7. Bxc4 cxd4 8. Nxd4 Bxc3+ 9. bxc3 Qa5 10. Bb5+ Nbd7 11. Qd3 0-0 12. Nb3 Qb6 13. Bxd7 Nxd7 14. 0-0 h6 15. Be7 Re8 16. Bd6 e5 17. Rfd1 a5 18. c4 Qc6 19. f3 b6 20. Qd5 Bb7 21. Rac1 Qc8 22. Qd2 Bc6 23. Qf2 Qa6 24. c5 bxc5 25. Nxc5 Nxc5 26. Bxc5 f6 27. Qc2 Rec8 28. Rd6 Qb5 29. h4 Be8 30. Rb6 Qd7 31. Rd6 Qb5 32. Rb6 Qd7 33. Rd6 Qb5 1/2-1/2

[Event "FICGS W-ch st1 g04 email"]
[Site "FICGS email"]
[Date "2014.03.03"]
[Round "1"]
[White "Hardfeldt, Pan"]
[Black "Pechova, Hana"]
[Result "1-0"]
[WhiteElo "2032"]
[BlackElo "1112"]
[PlyCount "71"]
[EventDate "2014.??.??"]
[EventType "tourn (corr)"]
[EventRounds "8"]
[SourceTitle "Corr 2022"]
[Source "ChessBase"]
[SourceDate "2021.10.24"]
[SourceVersion "1"]
[SourceVersionDate "2021.10.24"]
[SourceQuality "1"]

1. e4 c5 2. Nc3 Nc6 3. Bb5 Nd4 4. Nf3 Nxb5 5. Nxb5 d6 6. d4 Nf6 7. Nc3 cxd4 8. Qxd4 e5 9. Qa4+ Bd7 10. Qb3 Qc7 11. Bg5 Be6 12. Qb5+ Qc6 13. Bxf6 gxf6 14. Qd3 0-0-0 15. 0-0-0 Rg8 16. Nh4 f5 17. Nxf5 Bxf5 18. exf5 Rxg2 19. Rhf1 Rxh2 20. Kb1 Kb8 21. Nd5 Rh4 22. Qg3 Rh6 23. f4 Re8 24. a3 Rc8 25. Qg2 Qc4 26. Rd3 Qb5 27. fxe5 dxe5 28. f6 Rg6 29. Qh2 a6 30. Qxe5+ Ka7 31. Rfd1 Qc5 32. Qe2 Rg1 33. Rxg1 Qxg1+ 34. Rd1 Qc5 35. Ne7 Rc7 36. b4 1-0

[Event "FICGS W-ch st1 g04 email"]
[Site "FICGS email"]
[Date "2014.03.03"]
[Round "1"]
[White "Ponce, Trond"]
[Black "Hardfeldt, Pan"]
[Result "1/2-1/2"]
[WhiteElo "2127"]
[BlackElo "2032"]
[PlyCount "80"]
[EventDate "2014.??.??"]
[EventType "tourn (corr)"]
[EventRounds "8"]
[SourceTitle "Corr 2022"]
[Source "ChessBase"]
[SourceDate "2021.10.24"]
[SourceVersion "1"]
[SourceVersionDate "2021.10.24"]
[SourceQuality "1"]

1. e4 e5 2. Nf3 Nc6 3. Bb5 Nf6 4. 0-0 Nxe4 5. d4 Nd6 6. Bxc6 dxc6 7. dxe5 Nf5 8. Qxd8+ Kxd8 9. Nc3 Ke8 10. Ne4 Be6 11. b3 Rd8 12. Bb2 Be7 13. Rad1 b6 14. c4 c5 15. Rfe1 Rd7 16. Kf1 h6 17. h3 Kd8 18. Ke2 Re8 19. Rg1 Kc8 20. g4 Nh4 21. Nxh4 Bxh4 22. f4 f5 23. Rxd7 Bxd7 24. Nd2 g6 25. Nf3 Bd8 26. Bc3 g5 27. gxf5 Bxf5 28. fxg5 Bxg5 29. Nxg5 hxg5 30. Rxg5 Bxh3 31. Ke3 Be6 32. Be1 Kd7 33. Bh4 Rg8 34. Rh5 a5 35. Bf6 Rg3+ 36. Kf2 Rh3 37. Rxh3 Bxh3 38. Ke3 a4 39. Kf4 axb3 40. axb3 Bf1 1/2-1/2

[Event "FICGS class C 000198 email"]
[Site "FICGS email"]
[Date "2013.10.17"]
[Round "1"]
[White "Vasquez, Fernando Jose Pinto"]
[Black "Hardfeldt, Pan"]
[Result "1/2-1/2"]
[WhiteElo "1950"]
[BlackElo "1953"]
[PlyCount "42"]
[EventDate "2013.??.??"]
[EventType "tourn (corr)"]
[EventRounds "4"]
[SourceTitle "Corr 2022"]
[Source "ChessBase"]
[SourceDate "2021.10.24"]
[SourceVersion "1"]
[SourceVersionDate "2021.10.24"]
[SourceQuality "1"]

1. e4 c6 2. d4 d5 3. e5 Bf5 4. Nf3 h6 5. Nh4 Bh7 6. e6 Nf6 7. Bd3 c5 8. dxc5 g5 9. Nf3 fxe6 10. h4 g4 11. Ne5 Nbd7 12. Ng6 Rg8 13. Nxf8 Nxf8 14. Nc3 d4 15. Bxh7 N8xh7 16. Ne2 Qa5+ 17. Qd2 Qxc5 18. Qxd4 Qxc2 19. Bxh6 Rd8 20. Qb4 Nd5 21. Qd2 Qxd2+ 1/2-1/2

[Event "FICGS W-ch st1 g11 email"]
[Site "FICGS email"]
[Date "2012.01.01"]
[Round "1"]
[White "Khokhlov, Igor"]
[Black "Hardfeldt, Pan"]
[Result "0-1"]
[WhiteElo "2086"]
[BlackElo "2021"]
[PlyCount "68"]
[EventDate "2012.??.??"]
[EventType "tourn (corr)"]
[EventRounds "8"]
[SourceTitle "Corr 2022"]
[Source "ChessBase"]
[SourceDate "2021.10.24"]
[SourceVersion "1"]
[SourceVersionDate "2021.10.24"]
[SourceQuality "1"]

1. e4 e5 2. Nc3 Bc5 3. f4 d6 4. Nf3 Nf6 5. Bc4 c6 6. d3 b5 7. Bb3 Nbd7 8. fxe5 dxe5 9. Qe2 0-0 10. a4 b4 11. Nd1 Ba6 12. Ne3 Nxe4 13. Nf5 Bf2+ 14. Kd1 Ndc5 15. Nd2 Bxd3 16. cxd3 Nxd2 17. Qxe5 Bd4 18. Qxd4 Qxd4 19. Nxd4 Ndxb3 20. Nxb3 Nxb3 21. Rb1 Rad8 22. Kc2 Nc5 23. Rd1 Rfe8 24. b3 Re2+ 25. Rd2 Re1 26. Ra1 Rd5 27. d4 Ne4 28. Rd1 Rxd1 29. Kxd1 Rxd4+ 30. Kc2 Rd5 31. Be3 c5 32. h3 f6 33. g4 Kf7 34. Rf1 a5 0-1

[Event "FICGS class A 000106 email"]
[Site "FICGS email"]
[Date "2011.09.08"]
[Round "1"]
[White "Hardfeldt, Pan"]
[Black "Markus, Roland"]
[Result "0-1"]
[WhiteElo "2020"]
[BlackElo "2113"]
[PlyCount "98"]
[EventDate "2011.??.??"]
[EventType "tourn (corr)"]
[EventRounds "1"]
[SourceTitle "Corr 2022"]
[Source "ChessBase"]
[SourceDate "2021.10.24"]
[SourceVersion "1"]
[SourceVersionDate "2021.10.24"]
[SourceQuality "1"]

1. d4 e6 2. e4 d5 3. Nc3 dxe4 4. Nxe4 Nf6 5. Bd3 Nxe4 6. Bxe4 Bd6 7. Qg4 Bf8 8. Bg5 Qd6 9. Qe2 h6 10. Bh4 Nd7 11. Nf3 Nf6 12. Bd3 Be7 13. 0-0 0-0 14. a4 a5 15. Rfd1 Nd5 16. Bg3 Qd8 17. Ne5 Nb4 18. Bb5 Bd6 19. Ra3 c6 20. Bc4 Nd5 21. Rf3 f6 22. Ng6 Re8 23. Qe4 Bc7 24. Bd3 f5 25. Qe2 Bd7 26. c4 Nf6 27. Bc2 Rb8 28. Be5 b5 29. axb5 cxb5 30. Rg3 bxc4 31. Nf4 Bxe5 32. dxe5 Nd5 33. Nh5 Re7 34. Bxf5 Qf8 35. Bb1 Be8 36. Qe4 Qf5 37. Nf6+ Nxf6 38. Qd4 Ne4 39. Bxe4 Qh5 40. Bf3 Qf7 41. Qxc4 Rc7 42. Qh4 Kh8 43. Be4 Ba4 44. b3 Rd7 45. Rc1 Rbd8 46. Bc2 Bc6 47. h3 Bb7 48. Rg4 Rc8 49. Rc4 Rxc4 0-1

[Event "FICGS class B 000140 email"]
[Site "FICGS email"]
[Date "2011.03.02"]
[Round "1"]
[White "Ezhov, Sergey"]
[Black "Hardfeldt, Pan"]
[Result "0-1"]
[WhiteElo "1800"]
[BlackElo "1985"]
[PlyCount "46"]
[EventDate "2011.??.??"]
[EventType "tourn (corr)"]
[EventRounds "5"]
[SourceTitle "Corr 2013"]
[Source "ChessBase"]
[SourceDate "2012.11.12"]
[SourceVersion "1"]
[SourceVersionDate "2012.11.12"]
[SourceQuality "1"]

1. e4 c6 2. d4 d5 3. Nd2 dxe4 4. Nxe4 Bf5 5. Ng3 Bg6 6. Nf3 Nd7 7. h4 h6 8. h5 Bh7 9. Bd3 Bxd3 10. Qxd3 e6 11. Bd2 Ngf6 12. 0-0-0 Be7 13. Rhe1 0-0 14. a3 Rc8 15. c3 c5 16. dxc5 Qa5 17. Be3 Nxc5 18. Bxc5 Bxc5 19. Qd2 Bxa3 20. bxa3 Rxc3+ 21. Kb2 Qxa3+ 22. Kb1 Rb3+ 23. Kc2 Qb2# 0-1

[Event "FICGS class B 000140 email"]
[Site "FICGS email"]
[Date "2011.03.02"]
[Round "1"]
[White "Velasco, Josep"]
[Black "Hardfeldt, Pan"]
[Result "1/2-1/2"]
[WhiteElo "1836"]
[BlackElo "1985"]
[PlyCount "81"]
[EventDate "2011.??.??"]
[EventType "tourn (corr)"]
[EventRounds "5"]
[SourceTitle "Corr 2013"]
[Source "ChessBase"]
[SourceDate "2012.11.12"]
[SourceVersion "1"]
[SourceVersionDate "2012.11.12"]
[SourceQuality "1"]

1. e4 d6 2. d4 Nf6 3. Nc3 g6 4. Nf3 Bg7 5. Be2 0-0 6. 0-0 Bg4 7. h3 Bxf3 8. Bxf3 Nc6 9. Ne2 e5 10. d5 Ne7 11. Bg5 h6 12. Be3 Nd7 13. Qd2 Kh7 14. Qd3 f5 15. c4 fxe4 16. Bxe4 Nf6 17. f3 Qd7 18. Qc2 Nxe4 19. fxe4 b6 20. a3 Rxf1+ 21. Rxf1 Rf8 22. Rxf8 Bxf8 23. Nc3 Ng8 24. b3 Be7 25. a4 Nf6 26. Qd2 Bf8 27. a5 bxa5 28. Bxa7 c5 29. dxc6 Qxa7+ 30. Qf2 Qxf2+ 31. Kxf2 Ne8 32. Nd5 Kg7 33. c7 Nxc7 34. Nxc7 Kf7 35. Ke3 Ke7 36. Nd5+ Kd7 37. Kd3 h5 38. Kc3 Kc6 39. g4 hxg4 40. hxg4 g5 41. Kd2 1/2-1/2

[Event "FICGS class B 000130 email"]
[Site "FICGS email"]
[Date "2010.12.04"]
[Round "1"]
[White "Mamrukov, Dmitri"]
[Black "Hardfeldt, Pan"]
[Result "1/2-1/2"]
[WhiteElo "1841"]
[BlackElo "1970"]
[PlyCount "53"]
[EventDate "2010.??.??"]
[EventType "tourn (corr)"]
[EventRounds "1"]
[SourceTitle "Corr 2013"]
[Source "ChessBase"]
[SourceDate "2012.11.12"]
[SourceVersion "1"]
[SourceVersionDate "2012.11.12"]
[SourceQuality "1"]

1. d4 f5 2. Nf3 Nf6 3. g3 g6 4. Bg2 Bg7 5. 0-0 d6 6. b3 0-0 7. Bb2 Ne4 8. Nbd2 Nc6 9. c4 a5 10. Nxe4 fxe4 11. Ng5 e5 12. d5 Qxg5 13. dxc6 bxc6 14. Bxe4 Bb7 15. Qd3 Qd8 16. Rad1 Qc8 17. a4 c5 18. Bd5+ Bxd5 19. Qxd5+ Kh8 20. Bc3 Ra7 21. Rd3 Qa8 22. e4 h5 23. Kg2 Kh7 24. Bd2 Qxd5 25. cxd5 Rb8 26. h4 Re8 27. Rb1 1/2-1/2

[Event "FICGS W-ch st1 g07 email"]
[Site "FICGS email"]
[Date "2010.07.02"]
[Round "1"]
[White "Hardfeldt, Pan"]
[Black "Davis, Mark"]
[Result "1-0"]
[WhiteElo "1940"]
[BlackElo "1434"]
[PlyCount "21"]
[EventDate "2010.??.??"]
[EventType "tourn (corr)"]
[EventRounds "6"]
[SourceTitle "Corr 2013"]
[Source "ChessBase"]
[SourceDate "2012.11.12"]
[SourceVersion "1"]
[SourceVersionDate "2012.11.12"]
[SourceQuality "1"]

1. d4 d5 2. Nf3 Nc6 3. c4 Nf6 4. cxd5 Qxd5 5. Nc3 Qd8 6. d5 Nb8 7. Bf4 Bg4 8. Qb3 Qc8 9. Rc1 Nbd7 10. Nb5 c6 11. Nc7+ 1-0

[Event "FICGS class B 000112 email"]
[Site "FICGS email"]
[Date "2010.06.02"]
[Round "1"]
[White "Flores, Luis"]
[Black "Hardfeldt, Pan"]
[Result "1-0"]
[WhiteElo "1802"]
[BlackElo "1942"]
[PlyCount "89"]
[EventDate "2010.??.??"]
[EventType "tourn (corr)"]
[EventRounds "5"]
[SourceTitle "Corr 2013"]
[Source "ChessBase"]
[SourceDate "2012.11.12"]
[SourceVersion "1"]
[SourceVersionDate "2012.11.12"]
[SourceQuality "1"]

1. e4 c5 2. Nf3 d6 3. d4 cxd4 4. Nxd4 g6 5. Nc3 Bg7 6. Be3 Nf6 7. Be2 Nc6 8. 0-0 0-0 9. h3 Bd7 10. Nf3 Qc7 11. Qd2 Qa5 12. a3 Rfc8 13. Rad1 Be6 14. Ng5 Ne8 15. Nxe6 Bxc3 16. bxc3 fxe6 17. Bc4 Nd8 18. Bb3 Qxc3 19. Qe2 Ng7 20. Bd4 Qa5 21. Qe3 Nc6 22. Bb2 Rf8 23. Qh6 Rf7 24. Bxg7 Rxg7 25. Bxe6+ Kh8 26. Qe3 Qe5 27. Bd7 Rf7 28. Rb1 e6 29. Rxb7 Nd8 30. Rc7 Qg7 31. Rc8 Rxc8 32. Bxc8 Rc7 33. Ba6 Rxc2 34. Rd1 Rc6 35. Bb5 Rb6 36. a4 Kg8 37. Qg5 Rb8 38. Qf4 Nb7 39. Qe3 Nc5 40. Rxd6 Qe5 41. Rd1 a6 42. f4 Qc7 43. Bc4 Rf8 44. f5 gxf5 45. exf5 1-0

[Event "FICGS class B 000112 email"]
[Site "FICGS email"]
[Date "2010.06.02"]
[Round "1"]
[White "Hardfeldt, Pan"]
[Black "Mascetra, Nicola"]
[Result "1-0"]
[WhiteElo "1942"]
[BlackElo "1863"]
[PlyCount "21"]
[EventDate "2010.??.??"]
[EventType "tourn (corr)"]
[EventRounds "5"]
[SourceTitle "Corr 2013"]
[Source "ChessBase"]
[SourceDate "2012.11.12"]
[SourceVersion "1"]
[SourceVersionDate "2012.11.12"]
[SourceQuality "1"]

1. e4 c5 2. Na3 Nc6 3. Bb5 Nf6 4. d3 g6 5. Nf3 Bg7 6. 0-0 0-0 7. Re1 a6 8. Bxc6 dxc6 9. c3 Qc7 10. Be3 b6 11. h3 1-0

[Event "FICGS class B 000112 email"]
[Site "FICGS email"]
[Date "2010.06.02"]
[Round "1"]
[White "Kokoryukin, Sergey"]
[Black "Hardfeldt, Pan"]
[Result "1/2-1/2"]
[WhiteElo "1800"]
[BlackElo "1942"]
[PlyCount "117"]
[EventDate "2010.??.??"]
[EventType "tourn (corr)"]
[EventRounds "5"]
[SourceTitle "Corr 2013"]
[Source "ChessBase"]
[SourceDate "2012.11.12"]
[SourceVersion "1"]
[SourceVersionDate "2012.11.12"]
[SourceQuality "1"]

1. e4 d5 2. exd5 Qxd5 3. Nc3 Qd6 4. Nf3 Nf6 5. d4 c6 6. Ne5 Nbd7 7. Nc4 Qc7 8. Qf3 Nb6 9. Bf4 Qd8 10. Be5 h5 11. Bd3 Be6 12. Ne3 Nfd7 13. Bf4 Nf6 14. 0-0-0 Nbd5 15. Ncxd5 Bxd5 16. Nxd5 Qxd5 17. Qxd5 Nxd5 18. Bd2 0-0-0 19. c4 Nf6 20. Bc3 e6 21. h3 h4 22. Rhe1 Bd6 23. b3 b6 24. Kb2 Rh5 25. Be2 Rf5 26. Bf3 Kb7 27. Re3 a5 28. a3 Kc7 29. Be1 Be7 30. Red3 Rh8 31. b4 axb4 32. axb4 b5 33. Rc1 Rb8 34. Rb3 bxc4 35. Rxc4 Rb6 36. b5 Rbxb5 37. Rxc6+ Kd7 38. Ra6 Rxb3+ 39. Kxb3 Bd6 40. Bc6+ Kc8 41. Ra8+ Kc7 42. Bf3 Kd7 43. Ra7+ Bc7 44. Kc2 Nd5 45. Be4 Rh5 46. Kd3 Nb6 47. Bd2 Nc8 48. Ra6 Nb6 49. Ra7 Nc8 50. Rb7 Nd6 51. Bf3 Nxb7 52. Bxh5 Nd6 53. Bg4 f5 54. Bd1 Ne4 55. Be3 Ba5 56. Bc2 Kc6 57. Bb3 Kd6 58. Bf4+ Ke7 59. Be3 1/2-1/2

[Event "FICGS class C 000093 email"]
[Site "FICGS email"]
[Date "2009.12.09"]
[Round "1"]
[White "Hardfeldt, Pan"]
[Black "Ignatyev, Vladimir"]
[Result "1-0"]
[WhiteElo "1821"]
[BlackElo "1800"]
[PlyCount "43"]
[EventDate "2009.??.??"]
[EventType "tourn (corr)"]
[EventRounds "1"]
[SourceTitle "Corr 2022"]
[Source "ChessBase"]
[SourceDate "2021.10.24"]
[SourceVersion "1"]
[SourceVersionDate "2021.10.24"]
[SourceQuality "1"]

1. e4 e5 2. Nf3 d6 3. Bc4 f5 4. d3 c6 5. Nc3 f4 6. Qe2 Qf6 7. a4 Bg4 8. h3 Bh5 9. a5 Nd7 10. 0-0 g5 11. b4 Ne7 12. b5 Qg6 13. g4 fxg3 14. fxg3 g4 15. Ng5 0-0-0 16. hxg4 Bxg4 17. Qxg4 h6 18. bxc6 bxc6 19. Rb1 hxg5 20. Ba6+ Kc7 21. Rb7+ Kc8 22. Rxd7+ 1-0

[Event "FICGS W-ch st1 g24 email"]
[Site "FICGS email"]
[Date "2009.11.02"]
[Round "1"]
[White "Hardfeldt, Pan"]
[Black "Helmer, Janos"]
[Result "1/2-1/2"]
[WhiteElo "1821"]
[BlackElo "2088"]
[PlyCount "67"]
[EventDate "2009.??.??"]
[EventType "tourn (corr)"]
[EventRounds "8"]
[SourceTitle "Corr 2022"]
[Source "ChessBase"]
[SourceDate "2021.10.24"]
[SourceVersion "1"]
[SourceVersionDate "2021.10.24"]
[SourceQuality "1"]

1. e4 e5 2. Nc3 Nf6 3. Nf3 Nc6 4. h3 Bb4 5. Bb5 d6 6. Nd5 Bc5 7. d4 exd4 8. b4 Bb6 9. Bg5 Bd7 10. Qd2 Ne5 11. Bxf6 Nxf3+ 12. gxf3 gxf6 13. Bxd7+ Kxd7 14. Qf4 Kc8 15. 0-0-0 c6 16. Nxb6+ axb6 17. Rxd4 Rxa2 18. Rxd6 Ra1+ 19. Kb2 Rxh1 20. Rxd8+ Rxd8 21. Qxf6 Rf1 22. b5 Kc7 23. Qxf7+ Rd7 24. Qf4+ Kc8 25. e5 Rd5 26. Qf8+ Kc7 27. Qf7+ Kb8 28. bxc6 bxc6 29. e6 Rb5+ 30. Ka2 Ra5+ 31. Kb3 Rb1+ 32. Kc3 Rd1 33. Qg8+ Kb7 34. Qg7+ 1/2-1/2

[Event "FICGS class D 000130 email"]
[Site "FICGS email"]
[Date "2009.08.27"]
[Round "1"]
[White "Panov, Dmitriy"]
[Black "Hardfeldt, Pan"]
[Result "1/2-1/2"]
[WhiteElo "1800"]
[BlackElo "1800"]
[PlyCount "66"]
[EventDate "2009.??.??"]
[EventType "tourn (corr)"]
[EventRounds "6"]
[SourceTitle "Corr 2022"]
[Source "ChessBase"]
[SourceDate "2021.10.24"]
[SourceVersion "1"]
[SourceVersionDate "2021.10.24"]
[SourceQuality "1"]

1. e4 b6 2. d4 Bb7 3. Bd3 Nf6 4. Nc3 e6 5. Nf3 Bb4 6. e5 Ne4 7. Bd2 Nxd2 8. Qxd2 Bxf3 9. gxf3 Nc6 10. Be4 Qh4 11. a3 Bxc3 12. Qxc3 0-0-0 13. 0-0-0 Ne7 14. Qd2 Kb8 15. c3 f5 16. Bd3 Nd5 17. Kc2 d6 18. exd6 Rxd6 19. Bc4 Rhd8 20. Kb1 c5 21. Bxd5 Rxd5 22. Qe2 cxd4 23. Rxd4 Rxd4 24. cxd4 Qxd4 25. Qxe6 g6 26. h4 Qd3+ 27. Ka1 Kb7 28. Re1 Qd7 29. Qb3 Ka8 30. Ka2 Kb8 31. Re5 Qd6 32. f4 Qd7 33. Qc4 Rc8 1/2-1/2